| 000 | 00938nam a2200241 a 4500 | ||
|---|---|---|---|
| 001 | 000014390 | ||
| 003 | OSt | ||
| 005 | 20201026100824.0 | ||
| 008 | 091211s19-- dr ab 000 0 spa d | ||
| 040 |
_aDO-SdBNP _bspa _cBNPHU |
||
| 082 |
_axxxx _bG943c |
||
| 245 | 0 | 0 |
_aGuía de la ciudad de Santo Domingo / _ccolaboradores Paulino Gómez Laranguete , Fiol D'alisa Rivas de Gómez, Agustín A. Féliz López, Anyel Luisa Féliz López y Erick Franco. |
| 260 |
_aSanto Domingo : _bSociedad Editorial Dominicana, _c[19uu]. |
||
| 300 |
_a236 p. : _bil., map. ; _c21 cm. |
||
| 500 | _aIncluye apéndice con mapas | ||
| 590 | _aInventariado, 2020/ YL | ||
| 700 | 1 |
_aGómez Laranguete, Paulino, _ecol. _932498 |
|
| 700 | 1 |
_aRivas Gómez, Fiol D'alisa de, _ecol. _932499 |
|
| 700 | 1 |
_aFéliz López, Agustín A., _ecol. _932500 |
|
| 700 | 1 |
_aFéliz López, Anyel Luisa, _ecol. _932501 |
|
| 700 | 1 |
_aFranco, Erick _ecol. _932502 |
|
| 942 |
_2ddc _cLBS1 |
||
| 999 |
_c13981 _d13981 |
||